Statistics for Sports Franchises with the Same Name

Click here to take the quiz!

General Stats

  • This quiz has been taken 82 times
    (44 since last reset)
  • The average score is 7 of 7

Answer Stats

HintAnswer% Correct
Sacramento – Basketball
Los Angeles – Hockey
Kings
100%
(Glasgow) – Soccer
New York – Hockey
Texas – Baseball
Rangers
98%
(London) – Soccer*
San Antonio – Basketball
Spurs
98%
Arizona – Football
St. Louis – Baseball
Cardinals
95%
New York – Football
San Francisco – Baseball
Giants
95%
New York – Football
Winnipeg – Hockey
Jets
95%
Carolina – Football
Florida – Hockey
Panthers
95%

Score Distribution

Percentile by Number Answered

Percent of People with Each Score

Your Score History

You have not taken this quiz since the last reset